Quiz sur la culture québécoise - Statistiques

Statistiques générales
  • Ce quiz a été pris 19 fois
  • Le résultat moyen est 14 sur 54
Statistiques - réponses
Hint Réponse % Correct
Plat québécois composé de frites, sauce et fromage en grains Poutine
100%
Équipe de hockey de Montréal Canadiens de Montréal
87%
Ville où se trouve le Mont Royal Montréal
87%
Ville où se trouve le Château Frontenac Québec
87%
Groupe derrière la chanson « Les étoiles filantes » Les Cowboys Fringants
67%
Nom du plat de viande hachée, maïs et patates Pâté chinois
67%
Cabane où l’on mange des repas à l’érable Cabane à sucre
60%
Aréna où jouent l'équipe de hockey de Montréal Centre Bell
53%
Équipe de baseball de Montréal avant leur départ Les Expos
47%
Joueur de hockey surnommé « Le Rocket » Maurice Richard
47%
Pâtisserie québécoise frite et recouverte de sucre ou garnitures Queue de castor
47%
Chaîne de restaurants québécoise célèbre pour son poulet rôti Saint-Hubert
47%
Pâté traditionnel servi à Noël Tourtière
47%
Équipe de soccer professionnelle de Montréal CF Montréal
40%
Chanteuse québécoise connue pour « Feel good » Charlotte Cardin
40%
Groupe derrière « La rue principale » Les Colocs
40%
Chanteur de « Je reviendrai à Montréal » Robert Charlebois
40%
Groupe derrière « Dégénérations » Mes Aïeux
33%
Stade où joue l'équipe professionnelle de soccer de Montréal Stade Saputo
33%
Ville réputée pour ses poutines Drummondville
27%
Rappeur québécois connu pour « Toutes les femmes savent danser » Loud
27%
Nom du plus grand fleuve du Québec Fleuve Saint-Laurent
20%
Festival de musique très populaire qui se tient chaque été au parc Jean‑Drapeau à Montréal Osheaga
20%
Ville connue pour son rocher en forme de tête d’indien Percé
20%
Municipalité où se trouve le Parc national du Bic Rimouski
20%
Ville connue pour ses dunes et son bord de mer Tadoussac
20%
Mascotte du Carnaval de Québec Bonhomme Carnaval
13%
YouTubeur québécois qui goûte des trucs que personne d’autre voudrait manger, tout en riant comme si c’était la meilleure idée du monde Gurky
13%
Film québécois d’animation culte de l’hiver La Guerre des tuques
13%
Série humoristique mettant en vedette Martin Matte Les Beaux Malaises
13%
YouTubeur québécois connu pour ses streams Twitch où il crie, rit, rage et raconte sa vie comme si c’était une téléréalité LewisLeFou
13%
Loi québécoise adoptée en 1977 qui fait du français la langue officielle Loi 101
13%
Émission de téléréalité québécoise où des célibataires vivent dans une villa Occupation Double
13%
Nom du parti fondé par René Lévesque Parti Québécois
13%
Fête célébrée le 24 juin Saint-Jean-Baptiste
13%
Mascotte orange très populaire associée aux équipes sportives montréalaises Youppi!
13%
YouTubeur québécois connu pour ses vlogs quotidiens, son humour spontané et sa personnalité énergique Aly Brassard
7%
YouTubeur québécois devenu viral grâce au GP, son groupe d’amis chaotique qu’il filme dans des vlogs où tout le monde crie, rit et fait n’importe quoi Cocotte
7%
Crise politique de 1970 au Québec Crise d'Octobre
7%
Série policière québécoise se déroulant à Québec District 31
7%
Nom du drapeau du Québec Fleurdelisé
7%
Série jeunesse avec Pruneau et Cannelle Passe-Partout
7%
Émission québécoise de danse très populaire diffusée à TVA Révolution
7%
Expression québécoise qui signifie « se dépêcher » Se grouiller
7%
Document constitutionnel rejeté en 1990 Accord du lac Meech
0%
Expression québécoise signifiant « être très fatigué » Être brûlé
0%
Expression québécoise qui signifie « être très occupé » Être dans le jus
0%
Expression québécoise qui signifie « être fâché » Être en maudit
0%
Expression québécoise qui signifie « il fait très froid » Faire frette
0%
Nom du bâtiment où siègent les députés québécois Hôtel du Parlement
0%
Premier ministre du Québec durant la Révolution tranquille Jean Lesage
0%
YouTubeur québécois connu pour ses sketchs absurde et pour son auto « Monique », qu’il traite comme une vraie personne Marie-Anne Farley
0%
YouTuber québécois célèbre pour ses vidéos humoristiques et ses personnage Rosalie Vaillancourt
0%
Expression québécoise qui signifie « tomber » Se planter
0%
Aucun quiz correspondant
Distribution des résultats
% des personnes avec chaque résultat
Percentile par nombre de réponses
Votre historique - résultats
Vous n’avez pas pris ce quiz